000 01460nam a2200373 c 4500
999 _c348498
_d348498
003 BLK
005 20250604150031.0
008 180410b bul|||||r ||||||| ||bul||
010 _aKNG00165141000
020 _a978-619-02-0576-0
040 _aBLK
041 _aBUL
_cBUL
072 7 _2bullib
_aН83
_xЧужда художествена литература Н
080 _aФренска литература
_b821.133.1
_x-312.4
_z821.133.1-312.4
100 1 _aВаргас, Фред
_eпърви автор
_9280132
139 _aВаргас, Фред
_bВ 22
245 1 0 _aПреобърнатият човек
_bРоман
_cФред Варгас; прев. от фр. Росица Борисова Ташева.
257 _aFRA
260 _bКолибри
_c2020
_fСофия : Симолини
300 _a296 с.
_c20 см
380 _aX
490 _aСъвременни трилъри
_9203127
500 _aОриг. загл. L'homme a l'envers / Fred Vargas.
653 _aкрими
653 _aромани
700 _aТашева, Росица Борисова
_d1946 -
_gПреводач от френски и английски език.
_9366084
852 _bП
_cП 840-31/В 22
856 4 _qpdf
856 4 _qpdf
942 _cKNG
_n0
_025
_s1
944 _aCR
_c23.09.2014
_lГеновева Генчева
_k30560
944 _aED
_c01.04.2016
_lф /
_kЛюдмила_Стоянова
999 _d158134